Mathematical topics in nonlinear kinetic theory

Saved in:
Bibliographic Details
Main Author: Bellomo, Nicola
Other Authors: Palczewski, Andrzei, Toscani, Giuseppe
Format: Book
Language:English
Published: Singapore ; Teaneck, N.J., USA : World Scientific, c1988
Subjects:
Tags: Add Tag
No Tags, Be the first to tag this record!

MARC

LEADER 00000cam a2200000 i 4500
001 1/32751
008 941103s1988 eng d
020 |a 9971507021 
035 |l 10039181 
035 |a 1990  |c ΠΝΕΥΜΑΤΙΚΟΣ 
040 |a GR-MY-UA  |b gre  |e aacr 
041 0 |a eng 
082 0 |a 531 
100 1 |a Bellomo, Nicola. 
245 1 0 |a Mathematical topics in nonlinear kinetic theory /  |c Nicola Bellomo, Andrzej Palczewski, Giuseppe Toscani 
260 |a Singapore ; Teaneck, N.J., USA :   |b World Scientific,   |c c1988 
300 |a xii, 226 p.;  |b ill.;  |c 23 cm. 
500 |a Includes bibliographies and index 
650 0 0 |a Nonlinear mechanics. 
700 1 |a Palczewski, Andrzei. 
700 1 |a Toscani, Giuseppe. 
852 |a INST  |b SAMOS  |e 19941103  |h 531 BEL  |p 005300000799  |q 005300000799  |t BK  |y 0 
909 |a Σ  |b 017787